Načítá se...

Shabda aur smruthi /

Podrobná bibliografie
Hlavní autor: Nirmal Varma
Médium: Printed Book
Jazyk:Hindi
Vydáno: Delhi : Rajkamal Prakashan , 1976.
Témata:
LEADER 00471nam a2200157Ia 4500
008 150624b xxu||||| |||| 00| e hin d
082 |a 864 
100 |a Nirmal Varma 
245 |c Nirmal Varma  |a Shabda aur smruthi / 
260 |a Delhi :  |b Rajkamal Prakashan ,  |c 1976. 
300 |a 99 p. 
546 |a In Hindi. 
650 |v Essays 
942 |c BK 
999 |c 90485  |d 90485 
952 |0 1  |1 0  |2 ddc  |4 1  |6 864_000000000000000_H  |7 0  |9 90427  |a UL  |b UL  |c ST1  |d 1998-09-15  |l 0  |o 864 H  |p 32146  |r 2012-10-27  |y BK